000 00536nam a2200181Ia 4500
999 _c14305
_d14305
003 OSt
005 20201022121529.0
008 190216s9999||||xx |||||||||||||| ||und||
020 _a8908188234090
040 _coclc
082 _a910.89914
_bNAM/I
100 _aNambiar, Aruna
_96056
245 4 _aThe Itinerant Indian /
_cAruna Nambiar
260 _bUnisun Publications,
_c2005.
_aBangalore:
300 _a233p
650 _aEnglish General-Travalogues
942 _cBK
_2ddc
_h910.89914
_iNAM/I
_k910.89914
_mNAM/I